000
00301nam a2200121Ia 4500
008
191201s2011 xx 000 0 und d
100
_a
SHARMA, sanjay
245
0
_a
Communication Systems Analog and Digital
260
_c
2011
_b
katson
_a
N. delhi
300
_a
1010
650
_a
CSE
942
_2
ddc
_c
BB
_0
2
999
_c
7461
_d
7461